000 00483nam a2200181Ia 4500
001 22916
005 20260414150902.0
008 260414t2014||||xx |||||||||||||| ||spa||
041 _aESP
082 _a624.17
_bS85 T. 1
100 _aSuárez, Luis E.
_eAUT
245 0 _aAnálisis de estructuras con cargas dinámicas :
_bsistemas de un grado de libertad
260 _c2014
300 _aVarias páginas :
_c28 cm.
650 _a0
654 _aCIC
942 _cLIB
_dJUS
_fJUS
_2ddc
_n
999 _c22916
_d22916